<?xml version="1.0" encoding="UTF-8"?><?xml-stylesheet type="text/xsl" href="static/style.xsl"?><OAI-PMH xmlns="http://www.openarchives.org/OAI/2.0/" xmlns:xsi="http://www.w3.org/2001/XMLSchema-instance" xsi:schemaLocation="http://www.openarchives.org/OAI/2.0/ http://www.openarchives.org/OAI/2.0/OAI-PMH.xsd"><responseDate>2026-04-17T17:53:21Z</responseDate><request verb="GetRecord" identifier="oai:www.recercat.cat:2072/489402" metadataPrefix="marc">https://recercat.cat/oai/request</request><GetRecord><record><header><identifier>oai:recercat.cat:2072/489402</identifier><datestamp>2026-03-30T11:36:34Z</datestamp><setSpec>com_2072_376373</setSpec><setSpec>com_2072_376336</setSpec><setSpec>com_2072_1741</setSpec><setSpec>col_2072_376473</setSpec></header><metadata><record xmlns="http://www.loc.gov/MARC21/slim" xmlns:dcterms="http://purl.org/dc/terms/" xmlns:xsi="http://www.w3.org/2001/XMLSchema-instance" xmlns:doc="http://www.lyncode.com/xoai" xsi:schemaLocation="http://www.loc.gov/MARC21/slim http://www.loc.gov/standards/marcxml/schema/MARC21slim.xsd">
   <leader>00925njm 22002777a 4500</leader>
   <datafield ind2=" " ind1=" " tag="042">
      <subfield code="a">dc</subfield>
   </datafield>
   <datafield ind2=" " ind1=" " tag="720">
      <subfield code="a">Yeguas i Gassó, Joan</subfield>
      <subfield code="e">author</subfield>
   </datafield>
   <datafield ind2=" " ind1=" " tag="260">
      <subfield code="c">2025-03</subfield>
   </datafield>
   <datafield ind2=" " ind1=" " tag="520">
      <subfield code="a">Text on s'explica el perquè de l'existència de 77 obres d'art al MNAC (69 pintures i 8 escultures) adscrites a l'escola espanyola del segle XVII. La presència d'aquest fons explica qui som, i com s'hem arribat fins aquí, ja que, més enllà de l'art català, el museu també disposa d'obres adquirides, donades i llegades pel col·leccionisme privat.</subfield>
   </datafield>
   <datafield ind1="8" ind2=" " tag="024">
      <subfield code="a">https://hdl.handle.net/2072/489402</subfield>
   </datafield>
   <datafield ind2="0" ind1="0" tag="245">
      <subfield code="a">Zurbarán i el Segle d'Or espanyol a les col·leccions del Museu Nacional</subfield>
   </datafield>
</record></metadata></record></GetRecord></OAI-PMH>